Statistics for Tennis Players to win a Grand Slam without dropping a set (Female)

Click here to take the quiz!

General Stats

  • This quiz has been taken 68 times
  • The average score is 34 of 43

Answer Stats

HintAnswer% Correct
2017Serena Williams
100%
2014Serena Williams
100%
2010Serena Williams
100%
2008Serena Williams
100%
2002Serena Williams
100%
2002Serena Williams
100%
2008Venus Williams
100%
2001Venus Williams
100%
1996Steffi Graf
93%
1988Steffi Graf
93%
1989Steffi Graf
93%
1988Steffi Graf
93%
1994Steffi Graf
93%
1987Martina Navratilova
91%
1986Martina Navratilova
91%
1984Martina Navratilova
91%
1990Martina Navratilova
91%
1983Martina Navratilova
91%
1983Martina Navratilova
91%
2022Ashleigh Barty
79%
2008Maria Sharapova
77%
2021Emma Raducanu
75%
2020Iga Swiatek
74%
1972Billie Jean King
72%
1971Billie Jean King
72%
2007Justine Henin
72%
2007Justine Henin
72%
2006Justine Henin
72%
1997Martina Hingis
72%
1997Martina Hingis
72%
1981Chris Evert
70%
1978Chris Evert
70%
1977Chris Evert
70%
1976Chris Evert
70%
1974Chris Evert
70%
2000Lindsay Davenport
65%
1999Lindsay Davenport
65%
1998Lindsay Davenport
65%
1992Monica Seles
65%
1994Arantxa Sanchez Vicario
53%
2013Marion Bartoli
53%
1995Mary Pierce
35%
1971Evonne Goolagong Cawley
23%

Score Distribution

Percentile by Number Answered

Percent of People with Each Score

Your Score History

You have not taken this quiz